000 00626nam a2200217Ia 4500
003 OSt
005 20220923221832.0
006 a|||||r|||| 00| 0
007 ta
008 220922b |||||||| |||| 00| 0 hin d
024 _a200,339
037 _cTextual
040 _aARTS
_cARTS
_bhin
041 _2hin
_ahin
082 _aQ41:223, 152J4.1-.2(Q4)
100 _aकश्यप, जगदीश
_9156290
245 0 _aसंयुत्त निकाय
246 _aSanyutta nikāya
942 _hQ41:223, 152J4.1-.2(Q4)
_cTEXL
_2CC
999 _c352011
_d352011